Chahardah Risala (Record no. 12995)

MARC details
000 -LEADER
fixed length control field 00549nam a2200229 a 4500
020 ## - INTERNATIONAL STANDARD BOOK NUMBER
ISBN
082 00 - DEWEY DECIMAL CLASSIFICATION NUMBER
Classification number 181.07
Author Cutter RAZ2
100 ## - MAIN ENTRY--AUTHOR NAME
Author name Razi Al, Fakhruddin
245 ## - TITLE STATEMENT
Title Chahardah Risala
260 ## - PUBLICATION, DISTRIBUTION, ETC. (IMPRINT)
Place of publication Tehran
Name of publisher Tehran University
Year of publication 1919
300 ## - PHYSICAL DESCRIPTION
Number of Pages 326p
500 ## - GENERAL NOTE
General note includes index and biblioraphy
505 2# - FORMATTED CONTENTS NOTE
Formatted contents note Arabic-English
650 ## - SUBJECT ADDED ENTRY--TOPICAL TERM
Topical Term Philosophy-Islamic
942 ## - ADDED ENTRY ELEMENTS (KOHA)
Koha item type Books
Holdings
Home library Current library Date acquired Cost, normal purchase price Full call number Accession Number Koha item type
Henry Martyn Institute Library Henry Martyn Institute Library 08/01/2007 100.00 181.07 RAZ2 15634 Archive Book
                   Copyright © 2026 | Henry Martyn Institute | Hyderabad | TS-500052 | INDIA | Implemented by hmi.edu.in
Hit-Count:

Powered by Koha